Movies That Start With M - Statistics

General Stats
  • This quiz has been taken 1,023 times
  • The average score is 7 of 13
Answer Stats
Hint Answer % Correct
Monsters find themselves attached to a little girl Monsters Inc.
85%
Animals espace from the New York City Zoo Madagascar
82%
Boyfriend meets his girlfriend's wacky parents Meet the Parents
82%
All male stripper revue Magic Mike
73%
Two agents attempt to stop an intergalatic terrorist Men in Black
73%
Young girl who must overcome sexism in feudal-era China Mulan
59%
Clark Kent struggles to find his place in a world that isn't his Man of Steel
58%
Young woman who invites three men to her wedding who might be her father Mamma Mia
56%
Single mother employed at a posh New York City hotel Maid in Manhattan
53%
Built a baseball team based solely on statistical averages Moneyball
46%
Snow White leaves her kingdom after an assassination attempt Mirror Mirror
22%
Man threatens to jump off of a New York hotel Man on a Ledge
20%
New couple adopts energetic Labrador Retriever Marley & Me
18%
No matching quizzes found
Score Distribution
Percent of People with Each Score
Percentile by Number Answered
Your Score History
You have not taken this quiz